书目信息 |
| 题名: |
中国信托业刚性兑付问题研究
|
|
| 作者: | 周乾 著 | |
| 分册: | ||
| 出版信息: | 合肥 合肥工业大学出版社 2021.11 |
|
| 页数: | 171页 | |
| 开本: | 24cm | |
| 丛书名: | ||
| 单 册: | ||
| 中图分类: | F832.49 | |
| 科图分类: | ||
| 主题词: | 信托业--xin tuo ye--承兑付款--研究--中国 | |
| 电子资源: | ||
| ISBN: | 978-7-5650-4842-5 | |
| 000 | 00835nam0 2200229 450 | |
| 001 | 011025153633 | |
| 005 | 20221025153633.0 | |
| 010 | @a978-7-5650-4842-5@dCNY39.00 | |
| 100 | @a20201004d2021 kemy0chiy0120 ea | |
| 101 | 0 | @achi |
| 102 | @aCN@b340000 | |
| 105 | @ay v 000yy | |
| 106 | @ar | |
| 200 | 1 | @a中国信托业刚性兑付问题研究@Azhong guo xin tuo ye gang xing dui fu wen ti yan jiu@f周乾著 |
| 210 | @a合肥@c合肥工业大学出版社@d2021.11 | |
| 215 | @a171页@d24cm | |
| 300 | @a合肥工业大学图书出版专项基金资助项目 | |
| 330 | @a本书共七章,内容包括:刚性兑付的原因分析、刚性兑付的影响分析、破解刚性兑付之法律条件、破解刚性兑付之监管者条件、破解刚性兑付之受托人条件等。 | |
| 606 | 0 | @a信托业@Axin tuo ye@x承兑付款@x研究@y中国 |
| 690 | @aF832.49@v5 | |
| 701 | 0 | @a周乾@Azhou qian@4著 |
| 905 | @a河南城建学院图书馆@dF832.49@eZ785 | |
| 中国信托业刚性兑付问题研究/周乾著.-合肥:合肥工业大学出版社,2021.11 |
| 171页;24cm |
| 合肥工业大学图书出版专项基金资助项目 |
| ISBN 978-7-5650-4842-5:CNY39.00 |
| 本书共七章,内容包括:刚性兑付的原因分析、刚性兑付的影响分析、破解刚性兑付之法律条件、破解刚性兑付之监管者条件、破解刚性兑付之受托人条件等。 |
| ● |
| 相关链接 |
|
|
|
正题名:中国信托业刚性兑付问题研究
索取号:F832.49/Z785
 
预约/预借
| 序号 | 登录号 | 条形码 | 馆藏地/架位号 | 状态 | 备注 |
| 1 | 1588797 | 215887976 | 社科库409/409社科库 54排3列4层/ [索取号:F832.49/Z785] | 在馆 | |
| 2 | 1588798 | 215887985 | 社科库409/409社科库 54排3列4层/ [索取号:F832.49/Z785] | 在馆 |